00953nam a22002177a 450000500170000000700150001700800410003202000220007303500100009504000090010510000190011424501070013325600240024026000360026430000280030050602700032865000360059870000220063474000380065685600410069420240305165610.0cr|||| |||| 210811s2020 ca |||||s|||| 00||0 eng d a978-1-55221-532-6 a35014 avLex1 aRikhof, Joseph10aInternational & Transnational criminal lawh[Recurso electrónico] /cJoseph Rikhof, Robert J. Currie aServicio en línea aToronto:bIrwin Law Inc.,c2020 a1 recurso electrónico1 aDisponible solo en los productos indicadosdvLex GlobaldvLex Global (Academic Edition, excluding Law Schools)dvLex Global (U.S. Academic Edition, Law Schools)dvLex Global (U.S. Academic Edition, excluding Law Schools)dvLex Global (Academic Edition, Law Schools)04aDerecho InternacionalzCanadá1 aCurrie, Robert J.0 avLex Libros (Servicio en línea)40uhttps://app.vlex.com/#/sources/35014